| 000 | 00600nam a2200217Ia 4500 | ||
|---|---|---|---|
| 003 | OSt | ||
| 005 | 20230427090713.0 | ||
| 008 | 210423s1993 xx 000 0 und d | ||
| 020 | _a393962997 | ||
| 040 | _cAL | ||
| 041 | _aeng | ||
| 082 |
_a821.3 MACN _223 |
||
| 100 |
_aMACLEAN (Hugh);PRESCOTT (Anne Lake). _993663 |
||
| 245 | _aNorton critical edition Edmund Spensers poetry. | ||
| 250 | _a3 | ||
| 260 |
_aNew York _bW W Norton & Co., _c1993 |
||
| 300 |
_axiii,838 _bPB |
||
| 365 |
_b857.93 _cINR |
||
| 906 | _acritical ; edition ; Edmund ; Norton ; poetry. ; Spenser''s | ||
| 942 |
_2ddc _cBK |
||
| 999 |
_c161727 _d161727 |
||